000 02209nam0a2200361 i 4500
001 RU\NLR\BIBL_A\010783721
005 20241103043854.0
010 _a9785955206868
_9100
021 _aRU
_b2015-36925
_92188
035 _a(NILC)RuMoRGB-007933273
035 _a(NLR Aleph) 010783721
090 _a10081107
_c10081107
100 _a20150618d2015 km y0rusy50 ca
101 0 _arus
102 _aRU
105 _aa z 000yy
200 1 _aПорядок приема, регистрации и разрешения в территориальных органах МВД России заявлений и сообщений о преступлениях, об административных правонарушениях, о происшествиях
_eальбом схем
_fЕ. В. Кашкина, А. В. Хандогина
_gМ-во внутренних дел Рос. Федерации, Федер. гос. казен. образоват. учреждение доп. проф. образования "Всерос. ин-т повышения квалификации сотрудников МВД России", Центр подгот. сотрудников полиции по охране обществ. порядка и службы миграции
210 _aДомодедово
_cВИПК МВД России
_d2015
215 _a102 с.
_cил.
_d21
300 _aПеред вып. дан. авт.: Кашкина Е. В., к.ю.н.
320 _aБиблиогр.: с. 85 (9 назв.)
606 _aОрганы внутренних дел
_jСхемы
_xРабота с заявлениями граждан
_yРоссийская Федерация
_92085599
_3RU\NLR\AUTH\661261718
610 0 _aсообщения о преступлении
610 0 _aсообщения о происшествиях
686 1 _aХ621.163.01я7
700 1 _aКашкина
_bЕ. В.
_gЕкатерина Валерьевна
701 1 _aХандогина
_bА. В.
_gАнастасия Викторовна
801 0 _aRU
_bРГБ
_c20150518
_gRCR
801 1 _aRU
_bРГБ
_c20150518
_2rusmarc
942 _cBOOK
980 _aNBR